| 000 | 00660nam a2200193Ia 4500 | ||
|---|---|---|---|
| 008 | 151119s9999||||xx |||||||||||||| ||und|| | ||
| 082 | _a954.03 | ||
| 082 | _bGKKV5006 | ||
| 100 | _aजोग ब ना | ||
| 245 | _aहिंदू मुसलमान ऐक्य भ्रम आणि सत्य | ||
| 260 | _a-- | ||
| 260 | _b-- | ||
| 260 | _c1990 | ||
| 600 | _aजोग ब ना | ||
| 630 | _aहिंदू मुसलमान ऐक्य भ्रम आणि सत्य | ||
| 700 | _aजोग ब ना | ||
| 730 | _aहिंदू मुसलमान ऐक्य भ्रम आणि सत्य | ||
| 942 | _cBOOK | ||
| 999 |
_c1060136 _d1060133 |
||